[Event "Deutsche Ländermeisterschaft 2025"]
[Site "Oer-Erkenschwick GER"]
[Date "2025.10.03"]
[Round "5"]
[White "Sniegowski, Victoria"]
[Black "Subocz, Emma"]
[Result "1-0"]
[Termination "normal"]
[Board "8.8"]
[WhiteElo "1485"]
[BlackElo "1569"]
[WhiteClock "00:22:24"]
[BlackClock "00:05:08"]
[WhiteTeam "Thüringen"]
[BlackTeam "Mecklenburg-Vorpommern"]
[PlyCount "107"]
[WhiteFideId "34675612"]
[BlackFideId "41805666"]
[EventCountry "GER"]
[EventRounds "7"]
[EventType "team-swiss"]
[EventDate "2025.09.30"]

1. e4 {[%clk 01:30:57]} {[%emt 00:00:03]} c5 {[%clk 01:30:51]} {[%emt
00:00:09]} 2. c3 {[%clk 01:31:18]} {[%emt 00:00:09]} d5 {[%clk 01:31:11]}
{[%emt 00:00:11]} 3. exd5 {[%clk 01:31:40]} {[%emt 00:00:08]} Qxd5 {[%clk
01:31:31]} {[%emt 00:00:09]} 4. Nf3 {[%clk 01:32:01]} {[%emt 00:00:09]} Nf6
{[%clk 01:30:21]} {[%emt 00:01:40]} 5. Na3 {[%clk 01:32:12]} {[%emt 00:00:19]}
Bg4 {[%clk 01:25:00]} {[%emt 00:05:50]} 6. Be2 {[%clk 01:32:07]} {[%emt
00:00:36]} e6 {[%clk 01:23:19]} {[%emt 00:02:11]} 7. O-O {[%clk 01:32:00]}
{[%emt 00:00:36]} Nc6 {[%clk 01:20:21]} {[%emt 00:03:28]} 8. d4 {[%clk
01:30:42]} {[%emt 00:01:49]} cxd4 {[%clk 01:19:39]} {[%emt 00:01:12]} 9. Nb5
{[%clk 01:30:52]} {[%emt 00:00:20]} Qd8 {[%clk 01:14:12]} {[%emt 00:05:56]} 10.
Nfxd4 {[%clk 01:28:25]} {[%emt 00:02:58]} Bxe2 {[%clk 01:06:33]} {[%emt
00:08:08]} 11. Nxe2 {[%clk 01:22:11]} {[%emt 00:06:43]} Qb6 {[%clk 01:04:15]}
{[%emt 00:02:49]} 12. a4 {[%clk 01:14:37]} {[%emt 00:08:05]} a6 {[%clk
01:01:46]} {[%emt 00:02:57]} 13. Be3 {[%clk 01:13:46]} {[%emt 00:01:22]} Qd8
{[%clk 01:00:18]} {[%emt 00:01:58]} 14. Qxd8+ {[%clk 01:12:44]} {[%emt
00:01:33]} Rxd8 {[%clk 00:59:43]} {[%emt 00:01:05]} 15. Nc7+ {[%clk 01:12:38]}
{[%emt 00:00:35]} Kd7 {[%clk 00:57:00]} {[%emt 00:03:13]} 16. Bb6 {[%clk
01:12:32]} {[%emt 00:00:31]} Rc8 {[%clk 00:52:41]} {[%emt 00:04:55]} 17. Rfd1+
{[%clk 01:02:22]} {[%emt 00:10:39]} Bd6 {[%clk 00:47:32]} {[%emt 00:05:38]} 18.
Bc5 {[%clk 00:59:43]} {[%emt 00:03:10]} Kxc7 {[%clk 00:45:47]} {[%emt
00:02:15]} 19. Bxd6+ {[%clk 00:59:21]} {[%emt 00:00:52]} Kb6 {[%clk 00:44:05]}
{[%emt 00:02:13]} 20. b4 {[%clk 00:56:24]} {[%emt 00:03:26]} Nd5 {[%clk
00:42:30]} {[%emt 00:02:05]} 21. Rab1 {[%clk 00:50:42]} {[%emt 00:06:13]} Rhd8
{[%clk 00:41:04]} {[%emt 00:01:55]} 22. a5+ {[%clk 00:48:21]} {[%emt 00:02:51]}
Ka7 {[%clk 00:38:57]} {[%emt 00:02:37]} 23. Bc5+ {[%clk 00:48:07]} {[%emt
00:00:44]} Kb8 {[%clk 00:39:03]} {[%emt 00:00:16]} 24. c4 {[%clk 00:46:03]}
{[%emt 00:02:42]} Nc7 {[%clk 00:38:22]} {[%emt 00:01:11]} 25. Nd4 {[%clk
00:43:05]} {[%emt 00:03:28]} Nxd4 {[%clk 00:37:41]} {[%emt 00:01:10]} 26. Bxd4
{[%clk 00:42:28]} {[%emt 00:01:08]} f6 {[%clk 00:35:30]} {[%emt 00:02:40]} 27.
f4 {[%clk 00:41:10]} {[%emt 00:01:49]} Na8 {[%clk 00:33:56]} {[%emt 00:02:04]}
28. Bc5 {[%clk 00:40:26]} {[%emt 00:01:12]} Kc7 {[%clk 00:31:56]} {[%emt
00:02:33]} 29. b5 {[%clk 00:38:21]} {[%emt 00:02:35]} axb5 {[%clk 00:31:36]}
{[%emt 00:00:50]} 30. cxb5 {[%clk 00:38:38]} {[%emt 00:00:12]} b6 {[%clk
00:31:19]} {[%emt 00:00:48]} 31. axb6+ {[%clk 00:38:18]} {[%emt 00:00:50]} Nxb6
{[%clk 00:31:31]} {[%emt 00:00:18]} 32. Rdc1 {[%clk 00:35:35]} {[%emt
00:03:11]} Kb7 {[%clk 00:26:22]} {[%emt 00:05:41]} 33. Ra1 {[%clk 00:34:26]}
{[%emt 00:01:38]} Rd5 {[%clk 00:24:11]} {[%emt 00:02:41]} 34. Bxb6 {[%clk
00:32:13]} {[%emt 00:02:43]} Rxc1+ {[%clk 00:23:59]} {[%emt 00:00:42]} 35. Rxc1
{[%clk 00:29:38]} {[%emt 00:03:05]} Kxb6 {[%clk 00:23:14]} {[%emt 00:01:15]}
36. Rc6+ {[%clk 00:29:36]} {[%emt 00:00:32]} Kxb5 {[%clk 00:22:59]} 37. Rxe6
{[%clk 00:29:49]} {[%emt 00:01:03]} Kc5 {[%clk 00:22:18]} 38. Kf2 {[%clk
00:29:06]} {[%emt 00:02:23]} Rd7 {[%clk 00:21:53]} {[%emt 00:00:56]} 39. Kf3
{[%clk 00:28:11]} {[%emt 00:01:22]} Kd5 {[%clk 00:21:20]} {[%emt 00:01:06]} 40.
f5 {[%clk 00:26:29]} {[%emt 00:02:11]} Rf7 {[%clk 00:18:24]} {[%emt 00:03:27]}
41. h4 {[%clk 00:25:12]} {[%emt 00:01:47]} g5 {[%clk 00:14:25]} {[%emt
00:04:29]} 42. hxg5 {[%clk 00:22:56]} {[%emt 00:02:45]} fxg5 {[%clk 00:14:13]}
{[%emt 00:00:43]} 43. Kg4 {[%clk 00:23:12]} {[%emt 00:00:13]} Rg7 {[%clk
00:13:26]} {[%emt 00:01:17]} 44. Re2 {[%clk 00:22:40]} {[%emt 00:00:59]} h6
{[%clk 00:06:49]} {[%emt 00:07:10]} 45. Kh5 {[%clk 00:21:57]} {[%emt 00:01:11]}
Rf7 {[%clk 00:06:46]} {[%emt 00:00:36]} 46. Kg6 {[%clk 00:21:54]} {[%emt
00:00:32]} Rf8 {[%clk 00:06:35]} {[%emt 00:00:41]} 47. f6 {[%clk 00:21:45]}
{[%emt 00:00:39]} g4 {[%clk 00:06:00]} {[%emt 00:01:05]} 48. Kg7 {[%clk
00:21:48]} {[%emt 00:00:25]} Rd8 {[%clk 00:05:09]} {[%emt 00:01:24]} 49. Rd2+
{[%clk 00:22:02]} {[%emt 00:00:16]} Ke6 {[%clk 00:05:27]} {[%emt 00:00:12]} 50.
Rxd8 {[%clk 00:22:21]} {[%emt 00:00:10]} g3 {[%clk 00:05:24]} {[%emt 00:00:34]}
51. f7 {[%clk 00:22:12]} {[%emt 00:00:38]} h5 {[%clk 00:04:59]} {[%emt
00:00:55]} 52. f8=Q {[%clk 00:21:59]} {[%emt 00:00:44]} Ke5 {[%clk 00:04:57]}
{[%emt 00:00:32]} 53. Re8+ {[%clk 00:22:05]} {[%emt 00:00:24]} Kd5 {[%clk
00:05:08]} {[%emt 00:00:19]} 54. Qe7 {[%clk 00:22:24]} {[%emt 00:00:09]} 1-0

[Event "Deutsche Ländermeisterschaft 2025"]
[Site "Oer-Erkenschwick GER"]
[Date "2025.10.03"]
[Round "5"]
[White "Fuhrmann, Bahne"]
[Black "Müller, Maximilian"]
[Result "1-0"]
[Termination "normal"]
[Board "9.2"]
[WhiteTitle "FM"]
[WhiteElo "2225"]
[BlackElo "2059"]
[WhiteClock "00:15:55"]
[BlackClock "00:37:06"]
[WhiteTeam "Hamburg 1"]
[BlackTeam "Saarland & Friends"]
[PlyCount "120"]
[WhiteFideId "16244842"]
[BlackFideId "16243552"]
[EventCountry "GER"]
[EventRounds "7"]
[EventType "team-swiss"]
[EventDate "2025.09.30"]

1. d4 {[%clk 01:30:53]} {[%emt 00:00:07]} Nf6 {[%clk 01:30:56]} {[%emt
00:00:04]} 2. g3 {[%clk 01:31:17]} {[%emt 00:00:06]} d5 {[%clk 01:31:23]}
{[%emt 00:00:04]} 3. Nf3 {[%clk 01:31:43]} {[%emt 00:00:04]} Bf5 {[%clk
01:31:45]} {[%emt 00:00:08]} 4. Nh4 {[%clk 01:32:08]} {[%emt 00:00:05]} Bg6
{[%clk 01:23:39]} {[%emt 00:08:37]} 5. Nxg6 {[%clk 01:30:46]} {[%emt 00:01:52]}
hxg6 {[%clk 01:24:07]} {[%emt 00:00:02]} 6. c4 {[%clk 01:30:40]} {[%emt
00:00:35]} dxc4 {[%clk 01:19:30]} {[%emt 00:05:08]} 7. Bg2 {[%clk 01:26:10]}
{[%emt 00:05:00]} c6 {[%clk 01:19:55]} {[%emt 00:00:06]} 8. O-O {[%clk
01:25:11]} {[%emt 00:01:28]} Nbd7 {[%clk 01:15:30]} {[%emt 00:04:55]} 9. a4
{[%clk 01:11:40]} {[%emt 00:14:01]} e5 {[%clk 01:00:26]} {[%emt 00:15:34]} 10.
dxe5 {[%clk 01:10:08]} {[%emt 00:02:02]} Nxe5 {[%clk 01:00:50]} {[%emt
00:00:06]} 11. Qc2 {[%clk 01:10:23]} {[%emt 00:00:15]} Bc5 {[%clk 01:01:09]}
{[%emt 00:00:11]} 12. Bf4 {[%clk 01:07:38]} {[%emt 00:03:15]} Qe7 {[%clk
01:01:25]} {[%emt 00:00:14]} 13. Na3 {[%clk 00:58:53]} {[%emt 00:09:15]} O-O
{[%clk 00:51:05]} {[%emt 00:10:49]} 14. Nxc4 {[%clk 00:56:53]} {[%emt
00:02:30]} Nxc4 {[%clk 00:50:49]} {[%emt 00:00:46]} 15. Qxc4 {[%clk 00:57:18]}
{[%emt 00:00:05]} a5 {[%clk 00:49:53]} {[%emt 00:01:26]} 16. Rac1 {[%clk
00:55:48]} {[%emt 00:02:00]} Bb4 {[%clk 00:50:15]} {[%emt 00:00:08]} 17. Be3
{[%clk 00:55:22]} {[%emt 00:00:56]} Rfd8 {[%clk 00:49:00]} {[%emt 00:01:44]}
18. Bf3 {[%clk 00:48:06]} {[%emt 00:07:46]} Nd7 {[%clk 00:40:21]} {[%emt
00:09:10]} 19. Bg2 {[%clk 00:47:21]} {[%emt 00:01:16]} Nf6 {[%clk 00:38:44]}
{[%emt 00:02:07]} 20. Rfd1 {[%clk 00:46:30]} {[%emt 00:01:21]} Rxd1+ {[%clk
00:38:47]} {[%emt 00:00:26]} 21. Rxd1 {[%clk 00:46:54]} {[%emt 00:00:06]} Rd8
{[%clk 00:39:16]} {[%emt 00:00:02]} 22. Rc1 {[%clk 00:44:33]} {[%emt 00:02:51]}
Qe5 {[%clk 00:23:17]} {[%emt 00:16:28]} 23. b3 {[%clk 00:41:06]} {[%emt
00:03:58]} Qb2 {[%clk 00:23:02]} {[%emt 00:00:45]} 24. Bf3 {[%clk 00:39:07]}
{[%emt 00:02:29]} Rd7 {[%clk 00:18:31]} {[%emt 00:05:02]} 25. Rc2 {[%clk
00:31:50]} {[%emt 00:07:46]} Qa1+ {[%clk 00:16:39]} {[%emt 00:02:22]} 26. Kg2
{[%clk 00:31:29]} {[%emt 00:00:51]} Rd1 {[%clk 00:15:53]} {[%emt 00:01:16]} 27.
Rc1 {[%clk 00:31:14]} {[%emt 00:00:46]} Rxc1 {[%clk 00:15:55]} {[%emt
00:00:28]} 28. Bxc1 {[%clk 00:31:00]} {[%emt 00:00:43]} Qc3 {[%clk 00:14:57]}
{[%emt 00:01:27]} 29. Qxc3 {[%clk 00:28:32]} {[%emt 00:02:59]} Bxc3 {[%clk
00:15:26]} 30. Ba3 {[%clk 00:28:51]} {[%emt 00:00:11]} Nd7 {[%clk 00:14:49]}
{[%emt 00:01:07]} 31. Be4 {[%clk 00:28:59]} {[%emt 00:00:22]} f5 {[%clk
00:15:13]} {[%emt 00:00:07]} 32. Bc2 {[%clk 00:28:17]} {[%emt 00:01:11]} Kf7
{[%clk 00:15:12]} {[%emt 00:00:31]} 33. f4 {[%clk 00:24:22]} {[%emt 00:04:26]}
Ke6 {[%clk 00:12:43]} {[%emt 00:02:59]} 34. Kf3 {[%clk 00:20:10]} {[%emt
00:04:41]} Nf6 {[%clk 00:10:43]} {[%emt 00:02:30]} 35. Bd3 {[%clk 00:19:39]}
{[%emt 00:01:01]} Nd7 {[%clk 00:06:57]} {[%emt 00:04:17]} 36. Bc4+ {[%clk
00:12:16]} {[%emt 00:07:54]} Kf6 {[%clk 00:07:26]} {[%emt 00:00:01]} 37. g4
{[%clk 00:12:34]} {[%emt 00:00:11]} fxg4+ {[%clk 00:07:54]} {[%emt 00:00:02]}
38. Kxg4 {[%clk 00:12:56]} {[%emt 00:00:08]} g5 {[%clk 00:06:40]} {[%emt
00:01:44]} 39. fxg5+ {[%clk 00:12:47]} {[%emt 00:00:39]} Ke5 {[%clk 00:07:04]}
{[%emt 00:00:05]} 40. h4 {[%clk 00:09:44]} {[%emt 00:03:33]} Kd4 {[%clk
00:03:13]} {[%emt 00:04:21]} 41. Kf5 {[%clk 00:29:38]} {[%emt 00:10:35]} Ne5
{[%clk 00:33:23]} {[%emt 00:00:20]} 42. h5 {[%clk 00:25:25]} {[%emt 00:04:43]}
Nxc4 {[%clk 00:30:26]} {[%emt 00:03:27]} 43. bxc4 {[%clk 00:25:47]} {[%emt
00:00:08]} Kxc4 {[%clk 00:30:53]} {[%emt 00:00:03]} 44. Bf8 {[%clk 00:12:18]}
{[%emt 00:13:59]} b5 {[%clk 00:31:18]} {[%emt 00:00:04]} 45. h6 {[%clk
00:11:33]} {[%emt 00:01:15]} gxh6 {[%clk 00:31:44]} {[%emt 00:00:05]} 46. gxh6
{[%clk 00:11:59]} {[%emt 00:00:04]} b4 {[%clk 00:31:34]} {[%emt 00:00:40]} 47.
Bg7 {[%clk 00:11:59]} {[%emt 00:00:29]} b3 {[%clk 00:32:01]} {[%emt 00:00:04]}
48. Bxc3 {[%clk 00:12:24]} {[%emt 00:00:05]} Kxc3 {[%clk 00:32:25]} {[%emt
00:00:06]} 49. h7 {[%clk 00:12:52]} {[%emt 00:00:02]} b2 {[%clk 00:32:46]}
{[%emt 00:00:08]} 50. h8=Q+ {[%clk 00:13:18]} {[%emt 00:00:04]} Kc2 {[%clk
00:33:12]} {[%emt 00:00:05]} 51. Ke5 {[%clk 00:12:51]} {[%emt 00:00:57]} b1=Q
{[%clk 00:33:05]} {[%emt 00:00:37]} 52. Qh7+ {[%clk 00:13:13]} {[%emt
00:00:08]} Kb2 {[%clk 00:33:31]} {[%emt 00:00:04]} 53. Qxb1+ {[%clk 00:13:38]}
{[%emt 00:00:05]} Kxb1 {[%clk 00:33:58]} {[%emt 00:00:03]} 54. Kd4 {[%clk
00:13:54]} {[%emt 00:00:14]} Kb2 {[%clk 00:34:23]} {[%emt 00:00:05]} 55. Kc4
{[%clk 00:13:56]} {[%emt 00:00:28]} Ka3 {[%clk 00:34:49]} {[%emt 00:00:05]} 56.
e4 {[%clk 00:14:22]} {[%emt 00:00:04]} Kxa4 {[%clk 00:35:16]} {[%emt 00:00:03]}
57. e5 {[%clk 00:14:48]} {[%emt 00:00:04]} Ka3 {[%clk 00:35:43]} {[%emt
00:00:03]} 58. e6 {[%clk 00:15:09]} {[%emt 00:00:09]} a4 {[%clk 00:36:10]}
{[%emt 00:00:03]} 59. e7 {[%clk 00:15:35]} {[%emt 00:00:03]} Kb2 {[%clk
00:36:38]} {[%emt 00:00:03]} 60. e8=Q {[%clk 00:15:55]} {[%emt 00:00:09]} a3
{[%clk 00:37:06]} {[%emt 00:00:02]} 1-0

[Event "Deutsche Ländermeisterschaft 2025"]
[Site "Oer-Erkenschwick GER"]
[Date "2025.10.03"]
[Round "5"]
[White "Tabales, Lennart"]
[Black "Eberle, Triona"]
[Result "1-0"]
[Termination "normal"]
[Board "9.3"]
[WhiteElo "1873"]
[BlackElo "2010"]
[WhiteClock "01:18:15"]
[BlackClock "01:04:24"]
[WhiteTeam "Saarland & Friends"]
[BlackTeam "Hamburg 1"]
[PlyCount "61"]
[WhiteFideId "34604057"]
[BlackFideId "34627731"]
[EventCountry "GER"]
[EventRounds "7"]
[EventType "team-swiss"]
[EventDate "2025.09.30"]

1. e4 {[%clk 01:30:58]} {[%emt 00:00:01]} c5 {[%clk 01:30:56]} {[%emt
00:00:04]} 2. d4 {[%clk 01:31:20]} {[%emt 00:00:09]} cxd4 {[%clk 01:31:21]}
{[%emt 00:00:05]} 3. Qxd4 {[%clk 01:31:45]} {[%emt 00:00:04]} Nc6 {[%clk
01:31:41]} {[%emt 00:00:10]} 4. Qd3 {[%clk 01:32:11]} {[%emt 00:00:04]} g6
{[%clk 01:31:54]} {[%emt 00:00:17]} 5. Nc3 {[%clk 01:32:35]} {[%emt 00:00:06]}
Bg7 {[%clk 01:32:18]} {[%emt 00:00:06]} 6. Nf3 {[%clk 01:33:01]} {[%emt
00:00:04]} d6 {[%clk 01:31:49]} {[%emt 00:00:58]} 7. Be2 {[%clk 01:33:12]}
{[%emt 00:00:19]} Nf6 {[%clk 01:31:24]} {[%emt 00:00:55]} 8. O-O {[%clk
01:33:35]} {[%emt 00:00:08]} O-O {[%clk 01:31:48]} {[%emt 00:00:05]} 9. Nd5
{[%clk 01:34:02]} {[%emt 00:00:02]} Nxd5 {[%clk 01:28:24]} {[%emt 00:03:55]}
10. exd5 {[%clk 01:33:58]} {[%emt 00:00:34]} Bf5 {[%clk 01:28:40]} {[%emt
00:00:14]} 11. Qd1 {[%clk 01:33:34]} {[%emt 00:00:54]} Nb4 {[%clk 01:28:26]}
{[%emt 00:00:44]} 12. c3 {[%clk 01:31:47]} {[%emt 00:02:16]} Nc2 {[%clk
01:18:06]} {[%emt 00:10:51]} 13. g4 {[%clk 01:31:51]} {[%emt 00:00:27]} Be4
{[%clk 01:17:03]} {[%emt 00:01:32]} 14. Ng5 {[%clk 01:31:13]} {[%emt 00:01:09]}
Nxa1 {[%clk 01:16:46]} {[%emt 00:00:46]} 15. Nxe4 {[%clk 01:31:38]} {[%emt
00:00:06]} Qa5 {[%clk 01:16:21]} {[%emt 00:00:53]} 16. a4 {[%clk 01:28:59]}
{[%emt 00:03:10]} f5 {[%clk 01:13:57]} {[%emt 00:02:55]} 17. Ng5 {[%clk
01:27:14]} {[%emt 00:02:15]} b5 {[%clk 01:12:11]} {[%emt 00:02:14]} 18. Bxb5
{[%clk 01:23:25]} {[%emt 00:04:20]} a6 {[%clk 01:12:24]} {[%emt 00:00:17]} 19.
Bc6 {[%clk 01:23:04]} {[%emt 00:00:51]} Rac8 {[%clk 01:09:23]} {[%emt
00:03:30]} 20. b4 {[%clk 01:20:17]} {[%emt 00:03:18]} Qc7 {[%clk 01:07:48]}
{[%emt 00:02:04]} 21. Ne6 {[%clk 01:19:49]} {[%emt 00:00:59]} Qb8 {[%clk
01:08:05]} {[%emt 00:00:12]} 22. Nxf8 {[%clk 01:19:54]} {[%emt 00:00:25]} Rxf8
{[%clk 01:07:49]} {[%emt 00:00:47]} 23. Bd2 {[%clk 01:20:06]} {[%emt 00:00:18]}
fxg4 {[%clk 01:07:11]} {[%emt 00:01:08]} 24. Qxa1 {[%clk 01:20:06]} {[%emt
00:00:30]} Qc8 {[%clk 01:07:35]} {[%emt 00:00:06]} 25. Qe1 {[%clk 01:18:50]}
{[%emt 00:01:47]} e5 {[%clk 01:07:51]} {[%emt 00:00:14]} 26. Qe4 {[%clk
01:18:38]} {[%emt 00:00:41]} Rf3 {[%clk 01:07:26]} {[%emt 00:00:55]} 27. b5
{[%clk 01:18:01]} {[%emt 00:01:09]} a5 {[%clk 01:06:28]} {[%emt 00:01:28]} 28.
b6 {[%clk 01:17:57]} {[%emt 00:00:34]} Qf8 {[%clk 01:05:41]} {[%emt 00:01:17]}
29. b7 {[%clk 01:17:43]} {[%emt 00:00:45]} Bf6 {[%clk 01:04:56]} {[%emt
00:01:14]} 30. Qxg4 {[%clk 01:17:54]} {[%emt 00:00:19]} e4 {[%clk 01:04:24]}
{[%emt 00:01:02]} 31. Qc8 {[%clk 01:18:15]} {[%emt 00:00:09]} 1-0

[Event "Deutsche Ländermeisterschaft 2025"]
[Site "Oer-Erkenschwick GER"]
[Date "2025.10.03"]
[Round "5"]
[White "Andersen, Jonathan"]
[Black "Prashanthakumar, Arju"]
[Result "1-0"]
[Termination "normal"]
[Board "9.4"]
[WhiteElo "1886"]
[BlackElo "1817"]
[WhiteClock "00:41:57"]
[BlackClock "00:36:01"]
[WhiteTeam "Hamburg 1"]
[BlackTeam "Saarland & Friends"]
[PlyCount "63"]
[WhiteFideId "34623884"]
[BlackFideId "34604065"]
[EventCountry "GER"]
[EventRounds "7"]
[EventType "team-swiss"]
[EventDate "2025.09.30"]

1. Nf3 {[%clk 01:30:55]} {[%emt 00:00:03]} Nf6 {[%clk 01:30:48]} {[%emt
00:00:12]} 2. g3 {[%clk 01:31:22]} {[%emt 00:00:04]} g6 {[%clk 01:31:01]}
{[%emt 00:00:16]} 3. Bg2 {[%clk 01:31:34]} {[%emt 00:00:17]} Bg7 {[%clk
01:31:18]} {[%emt 00:00:14]} 4. c4 {[%clk 01:31:53]} {[%emt 00:00:11]} O-O
{[%clk 01:31:34]} {[%emt 00:00:15]} 5. O-O {[%clk 01:32:13]} {[%emt 00:00:10]}
d6 {[%clk 01:31:52]} {[%emt 00:00:12]} 6. d4 {[%clk 01:32:31]} {[%emt
00:00:12]} c5 {[%clk 01:31:41]} {[%emt 00:00:40]} 7. Nc3 {[%clk 01:32:40]}
{[%emt 00:00:20]} Nc6 {[%clk 01:31:29]} {[%emt 00:00:43]} 8. h3 {[%clk
01:31:54]} {[%emt 00:01:15]} a6 {[%clk 01:29:38]} {[%emt 00:02:22]} 9. e4
{[%clk 01:30:06]} {[%emt 00:02:19]} h6 {[%clk 01:27:32]} {[%emt 00:02:35]} 10.
Be3 {[%clk 01:30:09]} {[%emt 00:00:25]} cxd4 {[%clk 01:25:24]} {[%emt
00:02:41]} 11. Nxd4 {[%clk 01:29:12]} {[%emt 00:01:27]} Bd7 {[%clk 01:25:22]}
{[%emt 00:00:30]} 12. Qd2 {[%clk 01:29:21]} {[%emt 00:00:21]} Kh7 {[%clk
01:25:23]} {[%emt 00:00:29]} 13. Rac1 {[%clk 01:29:22]} {[%emt 00:00:28]} Rc8
{[%clk 01:22:29]} {[%emt 00:03:24]} 14. Nd5 {[%clk 01:27:36]} {[%emt 00:02:16]}
e6 {[%clk 01:13:40]} {[%emt 00:09:19]} 15. Nxc6 {[%clk 01:26:12]} {[%emt
00:01:55]} Bxc6 {[%clk 01:12:10]} {[%emt 00:02:00]} 16. Nc3 {[%clk 01:25:42]}
{[%emt 00:00:59]} Qc7 {[%clk 01:11:12]} {[%emt 00:01:29]} 17. Rfd1 {[%clk
01:25:33]} {[%emt 00:00:39]} Rfd8 {[%clk 01:10:35]} {[%emt 00:01:07]} 18. a4
{[%clk 01:21:39]} {[%emt 00:04:24]} b6 {[%clk 01:05:05]} {[%emt 00:06:00]} 19.
Nd5 {[%clk 01:12:00]} {[%emt 00:10:09]} Bxd5 {[%clk 01:02:14]} {[%emt
00:03:21]} 20. cxd5 {[%clk 01:12:21]} {[%emt 00:00:09]} Qb7 {[%clk 01:01:51]}
{[%emt 00:00:50]} 21. dxe6 {[%clk 01:10:25]} {[%emt 00:02:29]} Rxc1 {[%clk
01:00:54]} {[%emt 00:01:27]} 22. Rxc1 {[%clk 01:10:27]} {[%emt 00:00:27]} fxe6
{[%clk 01:01:00]} {[%emt 00:00:24]} 23. Bd4 {[%clk 00:50:44]} {[%emt 00:20:13]}
Ne8 {[%clk 00:52:16]} {[%emt 00:09:12]} 24. e5 {[%clk 00:49:49]} {[%emt
00:01:25]} d5 {[%clk 00:52:04]} {[%emt 00:00:43]} 25. Qc3 {[%clk 00:49:37]}
{[%emt 00:00:42]} Rd7 {[%clk 00:44:30]} {[%emt 00:08:03]} 26. Qc6 {[%clk
00:46:31]} {[%emt 00:03:35]} Qxc6 {[%clk 00:38:18]} {[%emt 00:06:44]} 27. Rxc6
{[%clk 00:46:56]} {[%emt 00:00:06]} b5 {[%clk 00:37:41]} {[%emt 00:01:07]} 28.
axb5 {[%clk 00:45:17]} {[%emt 00:02:09]} axb5 {[%clk 00:38:00]} {[%emt
00:00:11]} 29. Rxe6 {[%clk 00:45:18]} {[%emt 00:00:29]} Nc7 {[%clk 00:37:54]}
{[%emt 00:00:35]} 30. Rd6 {[%clk 00:44:36]} {[%emt 00:01:12]} Re7 {[%clk
00:37:19]} {[%emt 00:01:03]} 31. f4 {[%clk 00:42:36]} {[%emt 00:02:32]} Re6
{[%clk 00:36:01]} {[%emt 00:01:48]} 32. Bb6 {[%clk 00:41:57]} {[%emt 00:01:10]}
1-0

[Event "Deutsche Ländermeisterschaft 2025"]
[Site "Oer-Erkenschwick GER"]
[Date "2025.10.03"]
[Round "5"]
[White "Jung, Marcel"]
[Black "Ahryzkov, Ivan"]
[Result "0-1"]
[Termination "normal"]
[Board "9.5"]
[WhiteElo "1749"]
[BlackElo "1870"]
[WhiteClock "00:37:20"]
[BlackClock "00:19:01"]
[WhiteTeam "Saarland & Friends"]
[BlackTeam "Hamburg 1"]
[PlyCount "62"]
[WhiteFideId "34673881"]
[BlackFideId "34123750"]
[EventCountry "GER"]
[EventRounds "7"]
[EventType "team-swiss"]
[EventDate "2025.09.30"]

1. f4 {[%clk 01:30:56]} {[%emt 00:00:03]} d5 {[%clk 01:28:46]} {[%emt
00:02:14]} 2. Nf3 {[%clk 01:31:15]} {[%emt 00:00:11]} Nf6 {[%clk 01:27:53]}
{[%emt 00:01:24]} 3. e3 {[%clk 01:31:22]} {[%emt 00:00:23]} e6 {[%clk
01:23:18]} {[%emt 00:05:06]} 4. b3 {[%clk 01:30:35]} {[%emt 00:01:16]} Bd6
{[%clk 01:23:15]} {[%emt 00:00:33]} 5. Bb2 {[%clk 01:30:55]} {[%emt 00:00:10]}
O-O {[%clk 01:22:58]} {[%emt 00:00:47]} 6. Be2 {[%clk 01:29:38]} {[%emt
00:01:48]} b6 {[%clk 01:21:51]} {[%emt 00:01:37]} 7. O-O {[%clk 01:29:29]}
{[%emt 00:00:39]} Bb7 {[%clk 01:21:25]} {[%emt 00:00:56]} 8. d3 {[%clk
01:27:40]} {[%emt 00:02:20]} Nbd7 {[%clk 01:21:03]} {[%emt 00:00:52]} 9. Nbd2
{[%clk 01:26:38]} {[%emt 00:01:31]} c5 {[%clk 01:20:28]} {[%emt 00:01:05]} 10.
Ne5 {[%clk 01:21:10]} {[%emt 00:05:58]} Qc7 {[%clk 01:19:43]} {[%emt 00:01:15]}
11. Ndf3 {[%clk 01:21:22]} {[%emt 00:00:18]} Rac8 {[%clk 01:18:58]} {[%emt
00:01:15]} 12. Qe1 {[%clk 01:18:06]} {[%emt 00:03:46]} b5 {[%clk 00:54:42]}
{[%emt 00:24:46]} 13. Qh4 {[%clk 01:09:43]} {[%emt 00:08:51]} Be7 {[%clk
00:46:31]} {[%emt 00:08:43]} 14. Ng5 {[%clk 00:58:54]} {[%emt 00:11:18]} d4
{[%clk 00:38:32]} {[%emt 00:08:30]} 15. Nxd7 {[%clk 00:45:52]} {[%emt
00:13:32]} Qxd7 {[%clk 00:37:54]} {[%emt 00:01:08]} 16. e4 {[%clk 00:45:24]}
{[%emt 00:00:58]} h6 {[%clk 00:36:41]} {[%emt 00:01:44]} 17. Rf3 {[%clk
00:41:43]} {[%emt 00:04:11]} Nh7 {[%clk 00:34:14]} {[%emt 00:02:57]} 18. Rh3
{[%clk 00:37:28]} {[%emt 00:04:45]} Nxg5 {[%clk 00:32:10]} {[%emt 00:02:35]}
19. fxg5 {[%clk 00:37:45]} {[%emt 00:00:13]} Bxg5 {[%clk 00:32:34]} {[%emt
00:00:05]} 20. Qg4 {[%clk 00:37:15]} {[%emt 00:01:00]} f5 {[%clk 00:24:33]}
{[%emt 00:08:32]} 21. exf5 {[%clk 00:36:43]} {[%emt 00:01:03]} exf5 {[%clk
00:24:50]} {[%emt 00:00:12]} 22. Qg3 {[%clk 00:37:05]} {[%emt 00:00:08]} Rce8
{[%clk 00:24:07]} {[%emt 00:01:11]} 23. Bh5 {[%clk 00:36:01]} {[%emt 00:01:34]}
Re3 {[%clk 00:23:43]} {[%emt 00:00:56]} 24. Bf3 {[%clk 00:36:28]} {[%emt
00:00:03]} Bxf3 {[%clk 00:19:22]} {[%emt 00:04:51]} 25. gxf3 {[%clk 00:36:48]}
{[%emt 00:00:10]} f4 {[%clk 00:19:34]} {[%emt 00:00:18]} 26. Qg2 {[%clk
00:36:59]} {[%emt 00:00:19]} Rfe8 {[%clk 00:18:57]} {[%emt 00:01:07]} 27. Rf1
{[%clk 00:37:18]} {[%emt 00:00:11]} Re2 {[%clk 00:18:35]} {[%emt 00:00:52]} 28.
Rf2 {[%clk 00:37:21]} {[%emt 00:00:28]} Re1+ {[%clk 00:18:42]} {[%emt
00:00:22]} 29. Rf1 {[%clk 00:37:47]} {[%emt 00:00:04]} R8e2 {[%clk 00:18:45]}
{[%emt 00:00:26]} 30. Rxe1 {[%clk 00:37:09]} {[%emt 00:01:09]} Rxe1+ {[%clk
00:18:50]} {[%emt 00:00:25]} 31. Kf2 {[%clk 00:37:20]} {[%emt 00:00:19]} Qe6
{[%clk 00:19:01]} {[%emt 00:00:19]} 0-1